| 000 -LEADER |
| fixed length control field |
00343cam a22001217a 4500 |
| 008 - FIXED-LENGTH DATA ELEMENTS--GENERAL INFORMATION |
| fixed length control field |
180718b1979 xxu||||| |||| 00| 0 eng d |
| 082 ## - DEWEY DECIMAL CLASSIFICATION NUMBER |
| Classification number |
A72x51 N57 |
| 100 ## - MAIN ENTRY--PERSONAL NAME |
| Personal name |
Nihal, S.S. |
| 245 ## - TITLE STATEMENT |
| Title |
Ganga and 900 million: a China diary |
| Statement of responsibility, etc. |
by S.S. Nihal |
| 260 ## - PUBLICATION, DISTRIBUTION, ETC. |
| Place of publication, distribution, etc. |
Delhi |
| Name of publisher, distributor, etc. |
Oxford & IBH |
| Date of publication, distribution, etc. |
1979 |
| 300 ## - PHYSICAL DESCRIPTION |
| Extent |
118p. |
| 650 ## - SUBJECT ADDED ENTRY--TOPICAL TERM |
| Topical term or geographic name entry element |
Description and travel - China |